Movies Quiz

Random Movies or Oscar Quiz

Click A Movie, Initially - Best Supp. Actress Winners Quiz Stats

 Plays Quiz not verified by Sporcle

Score 0/20 Timer 05:00
4 Plays Today
% Correct
The Help
89.5%
Ghost
89.4%
Tootsie
88.6%
My Cousin Vinny
83.7%
Girl, Interrupted
83.5%
Moonstruck
81.6%
My Left Foot
74.9%
Cold Mountain
74.9%
Fences
72.1%
Vicky Cristina Barcelona
68.6%
% Correct
The Miracle Worker
68.3%
Airport
63.6%
Paper Moon
62.7%
Boyhood
61.6%
The Constant Gardener
59.9%
Murder On The Orient Express
58.5%
The Fisher King
58.4%
Rosemary's Baby
57.5%
The Last Picture Show
47.9%
Elmer Gantry
42.7%

You're not logged in!

Compare scores with friends on all Sporcle quizzes.
Join for Free
OR
Log In

You Might Also Like...

Show Comments

Extras

Top Quizzes Today


Score Distribution

Your Account Isn't Verified!

In order to create a playlist on Sporcle, you need to verify the email address you used during registration. Go to your Sporcle Settings to finish the process.

Report this User

Report this user for behavior that violates our Community Guidelines.

Details: